| 000 | 00474nam a2200157 a 4500 | ||
|---|---|---|---|
| 001 | 000030613 | ||
| 005 | 20200930062417.0 | ||
| 008 | 110525s1940 dr 000 | spa d | ||
| 040 |
_aDO-SdBNP _bspa _cBNPHU |
||
| 082 |
_axxx _bV473e |
||
| 100 | 1 |
_aVera, Francisco _957203 |
|
| 245 | 1 | 1 |
_a¿Está en crisis la matemática? / _cFrancisco Vera. |
| 260 |
_aCiudad Trujillo, República Dominicana : _bImprenta Listín Diario, _c1940. |
||
| 300 |
_a25 p. ; _c23 cm. |
||
| 049 | _aBNPD | ||
| 999 |
_c30105 _d30105 |
||